000 00657nam a2200193Ia 4500
008 0000001967 ck a 0000000000spa00
090 _aPSP00 L86a
100 1 _aLuque, Angel
_d1927
245 1 0 _aAngel Luque
_b: exposición de pinturas y dibujos
300 _a[8] p.
_c/ 23 cm.
500 _aExposición realizada en la Galería Buchholz, Bogotá, Mayo, 1969
600 0 0 _aLUQUE, ANGEL, 1927/
_xTRABAJOS PICTORICOS
650 1 4 _aARTE CONTEMPORANEO ESPAÑOL
650 1 4 _aARTISTAS PLASTICOS ESPAÑOLES
650 1 4 _xCATALOGOS
650 1 4 _xEXPOSICIONES
650 1 4 _aPINTURA ESPAÑOLA
999 _c8216
_d8216
260 _aBogotá : Galería Buchholz
_c1967